[Event "European Individual Chess Championship "]
[Site "Reykjavik, Iceland"]
[Date "2021.08.29"]
[Round "4.71"]
[White "Hjaltason, Elvar Orn"]
[Black "Saraci, Korab"]
[Result "0-1"]
[WhiteElo "1702"]
[BlackElo "2154"]
[PlyCount "80"]
[EventDate "2021.08.26"]

1. e4 e5 2. Nf3 Nf6 3. Nxe5 d6 4. Nf3 Nxe4 5. Nc3 Nxc3 6. dxc3 Be7 7. Be3 Nd7
8. Qd2 Nf6 9. Bd3 O-O 10. O-O-O c5 11. Rhe1 d5 12. Ne5 c4 13. Bf1 Qa5 14. Kb1
Be6 15. Bd4 Rfe8 16. h3 Qa6 17. Be2 b5 18. Ng4 Ne4 19. Qc1 b4 20. cxb4 Bxb4 21.
c3 Be7 22. Bf3 Bg5 23. Be3 Bf5 24. Ka1 Nc5 25. Bxc5 Bxc1 26. Rxc1 Be4 27. Bxe4
dxe4 28. Rcd1 Rad8 29. Rxd8 Rxd8 30. Bd4 f5 31. Ne5 Rd5 32. f3 Qe6 33. f4 Rxd4
34. cxd4 Qd5 35. Rd1 e3 36. Nf3 e2 37. Rc1 Qe4 38. b3 Qxf4 39. Rxc4 Qxf3 40.
gxf3 e1=Q+ 0-1

[Event "European Individual Chess Championship "]
[Site "Reykjavik, Iceland"]
[Date "2021.08.29"]
[Round "4.72"]
[White "Stremavicius, Pijus"]
[Black "Jonsson, Olafur Gisli"]
[Result "1-0"]
[WhiteElo "2146"]
[BlackElo "1800"]
[PlyCount "87"]
[EventDate "2021.08.26"]

1. Nf3 Nf6 2. c4 c5 3. b3 e6 4. Bb2 Be7 5. g3 b6 6. Bg2 Bb7 7. O-O d6 8. d4
cxd4 9. Qxd4 O-O 10. Nc3 a6 11. Rfd1 Nbd7 12. Rac1 Qc7 13. e4 Rfe8 14. Ne1 Rad8
15. h3 Bf8 16. Kh2 Bc6 17. Nd3 Qb8 18. f4 e5 19. Qe3 exf4 20. Qxf4 Qb7 21. Nd5
Re6 22. Rf1 Rde8 23. Rce1 Ne5 24. Nxe5 dxe5 25. Qf3 b5 26. Bc1 Be7 27. h4 Bxd5
28. exd5 e4 29. Qe2 Re5 30. Bb2 Bd6 31. Rxf6 gxf6 32. Bxe5 Rxe5 33. Qg4+ Kh8
34. Qf4 f5 35. c5 Bb8 36. Qh6 Qe7 37. d6 Qd8 38. b4 Re6 39. Qf4 Qf6 40. Rf1 e3
41. Re1 Qc3 42. Re2 Qd3 43. Bf3 Kg7 44. Qg5+ 1-0

[Event "European Individual Chess Championship "]
[Site "Reykjavik, Iceland"]
[Date "2021.08.29"]
[Round "4.73"]
[White "Mai, Alexander Oliver"]
[Black "Tummasarson, Flovin M."]
[Result "1/2-1/2"]
[WhiteElo "2090"]
[BlackElo "1764"]
[PlyCount "91"]
[EventDate "2021.08.26"]

1. e4 e5 2. Nf3 Nc6 3. d4 exd4 4. Nxd4 Bc5 5. Nb3 Bb6 6. Nc3 Nf6 7. Qe2 d6 8.
Be3 Bxe3 9. Qxe3 O-O 10. O-O-O a5 11. a4 Bd7 12. f3 Nb4 13. g4 Bc6 14. Nd4 Qe7
15. Nf5 Qe5 16. Qg5 Nd7 17. f4 Qf6 18. Ne7+ Kh8 19. Qxf6 Nxf6 20. Nxc6 Nxc6 21.
Be2 Rfd8 22. Bf3 Nb4 23. h4 Nd7 24. Rhe1 f6 25. Nb5 Na6 26. b3 Ndc5 27. Re2 Re8
28. Rde1 Ne6 29. f5 Nec5 30. g5 Re7 31. Na3 Nb4 32. Nc4 Nc6 33. Bh5 Ne5 34. Nd2
b5 35. axb5 Rb8 36. Nb1 fxg5 37. Rh2 g4 38. Rg2 Nf3 39. Re3 Rxe4 40. Rxe4 Nxe4
41. Bxg4 Ne5 42. Na3 Nc3 43. Be2 Rf8 44. Kd2 Nxe2 45. Rxe2 Rxf5 46. Re4 1/2-1/2

[Event "European Individual Chess Championship "]
[Site "Reykjavik, Iceland"]
[Date "2021.08.29"]
[Round "4.74"]
[White "Sveinbjornsson, Gudmundur Orri"]
[Black "Hardarson, Petur Palmi"]
[Result "0-1"]
[WhiteElo "1037"]
[BlackElo "2084"]
[PlyCount "76"]
[EventDate "2021.08.26"]

1. e4 c5 2. Nc3 Nc6 3. Bb5 Nd4 4. Nf3 g6 5. O-O a6 6. Be2 Bg7 7. a4 e6 8. Bc4
Ne7 9. d3 O-O 10. Be3 d5 11. exd5 exd5 12. Ba2 Nxf3+ 13. Qxf3 d4 14. Bg5 dxc3
15. bxc3 h6 16. Bf6 Bxf6 17. Qxf6 Nd5 18. Qe5 Be6 19. Bxd5 Qxd5 20. Qe3 Kh7 21.
Rab1 Rfe8 22. c4 Qc6 23. a5 Bxc4 24. Qf4 Bd5 25. Rb6 Qc8 26. c4 Be6 27. Re1 Bf5
28. Rd1 Re6 29. Rxe6 Qxe6 30. h3 h5 31. Qc7 Re8 32. Qxb7 Re7 33. Qb6 Qe2 34.
Qb1 Rd7 35. Re1 Qxd3 36. Qb6 Qd2 37. Re8 Qc1+ 38. Kh2 Qf4+ 0-1

[Event "European Individual Chess Championship "]
[Site "Reykjavik, Iceland"]
[Date "2021.08.29"]
[Round "4.77"]
[White "Agustsson, Hafsteinn"]
[Black "Pappelis, Dimitrios"]
[Result "0-1"]
[WhiteElo "1803"]
[BlackElo "2160"]
[PlyCount "66"]
[EventDate "2021.08.26"]

1. d4 c6 2. c4 d5 3. Nc3 e6 4. Nf3 dxc4 5. e4 b5 6. a4 Bb4 7. Bd2 a5 8. axb5
Bxc3 9. Bxc3 cxb5 10. b3 Nf6 11. d5 exd5 12. exd5 O-O 13. bxc4 Re8+ 14. Be2
bxc4 15. Bxf6 Qxf6 16. O-O c3 17. Nd4 Bd7 18. Bf3 a4 19. Ra3 Rc8 20. Qd3 Na6
21. Rxc3 Nc5 22. Qd2 a3 23. Ra1 a2 24. Rc2 Ra4 25. Rcxa2 Rxd4 26. Qe3 h6 27. h3
Rd3 28. Qe2 Rc3 29. Ra8 Nb3 30. R1a6 Nd4 31. Rxc8+ Rxc8 32. Qd3 Nxf3+ 33. gxf3
Qg5+ 0-1

[Event "European Individual Chess Championship "]
[Site "Reykjavik, Iceland"]
[Date "2021.08.29"]
[Round "4.78"]
[White "Gudnyjarson, Sigurdur Pall"]
[Black "Halldorsson, Jon Arni"]
[Result "0-1"]
[WhiteElo "1207"]
[BlackElo "2115"]
[PlyCount "75"]
[EventDate "2021.08.26"]

1. d4 f5 2. c4 Nf6 3. Nc3 e6 4. Bg5 Be7 5. Nf3 b6 6. g3 Bb7 7. Bg2 O-O 8. O-O
h6 9. Bxf6 Bxf6 10. e3 d6 11. Qc2 g6 12. Rad1 Qe7 13. Rfe1 Na6 14. Qd2 Rad8 15.
e4 Qg7 16. exf5 exf5 17. Ne2 Rfe8 18. Nf4 Be4 19. Nh4 g5 20. Nh5 Qf7 21. Nxf6+
Qxf6 22. Bxe4 fxe4 23. Ng2 c5 24. a3 d5 25. dxc5 Nxc5 26. cxd5 Nd3 27. Re3 Nxb2
28. Rc1 Qe5 29. f3 Rxd5 30. Qe2 Qd4 31. Kh1 Nd1 32. Rc4 Qa1 33. Qe1 Nf2+ 34.
Kg1 Nh3+ 35. Kf1 Rd1 36. Rcxe4 Rxe4 37. Rxe4 Rxe1+ 38. Rxe1 0-1

[Event "European Individual Chess Championship "]
[Site "Reykjavik, Iceland"]
[Date "2021.08.29"]
[Round "4.79"]
[White "Mai, Aron Thor"]
[Black "Ingason, Sigurdur"]
[Result "1-0"]
[WhiteElo "2110"]
[BlackElo "1805"]
[PlyCount "139"]
[EventDate "2021.08.26"]

1. Nf3 f5 2. g3 Nf6 3. Bg2 d6 4. O-O e5 5. c4 Nc6 6. Nc3 e4 7. Ne1 d5 8. cxd5
Nxd5 9. d3 Nxc3 10. bxc3 Be6 11. Qc2 exd3 12. Nxd3 Bd5 13. Nf4 Bxg2 14. Kxg2
Qf6 15. Rb1 Bc5 16. Qb3 Nd8 17. Rd1 Qc6+ 18. Kg1 Qb6 19. Nd3 Qxb3 20. axb3 Bd6
21. c4 Ne6 22. Bb2 O-O 23. e3 Rad8 24. b4 c6 25. c5 Bc7 26. Nf4 Nxf4 27. gxf4
Rxd1+ 28. Rxd1 Rd8 29. Bd4 Kf7 30. Kg2 Rd5 31. Kf3 Rd8 32. Ke2 a6 33. Rg1 g6
34. Kd3 Rd7 35. Kc4 Bd8 36. Re1 Bh4 37. Re2 Re7 38. Be5 Rd7 39. Bd4 Re7 40. f3
g5 41. fxg5 Bxg5 42. Kb3 Rd7 43. Rg2 Bd8 44. Kc4 Ke6 45. Rg8 Kf7 46. Rh8 Ke6
47. Re8+ Kf7 48. Re5 Kg6 49. Re6+ Kf7 50. Rh6 Ke8 51. Rh5 Rf7 52. Be5 Kd7 53.
Rh6 Be7 54. f4 Bf8 55. Rh3 Be7 56. Kd4 Bf8 57. e4 Ke6 58. exf5+ Kxf5 59. Rh5+
Kg4 60. Rg5+ Kf3 61. Rg3+ Ke2 62. Ke4 a5 63. bxa5 Bxc5 64. f5 Bb4 65. Rg2+ Kf1
66. Ra2 Rf8 67. f6 Ke1 68. Kf5 Re8 69. f7 Re7 70. Bc3+ 1-0

[Event "European Individual Chess Championship "]
[Site "Reykjavik, Iceland"]
[Date "2021.08.29"]
[Round "4.80"]
[White "Van Hoolandt, Patrick"]
[Black "Moller, Tomas"]
[Result "1-0"]
[WhiteElo "2010"]
[BlackElo "1402"]
[PlyCount "73"]
[EventDate "2021.08.26"]

1. d4 d5 2. c4 c6 3. Nf3 Nf6 4. Qc2 e6 5. Nbd2 Nbd7 6. g3 Bd6 7. Bg2 O-O 8. O-O
Re8 9. e4 dxe4 10. Ng5 Be7 11. Rd1 Qb6 12. Nf1 e5 13. d5 cxd5 14. cxd5 Bc5 15.
Ne3 Bxe3 16. Bxe3 Qd6 17. Rac1 h6 18. Nxe4 Nxe4 19. Bxe4 Nb6 20. Bc5 Qd8 21. d6
Nd7 22. Ba3 Nf6 23. Bg2 e4 24. Re1 Bd7 25. Qc5 Bc6 26. b4 a6 27. Bb2 Re6 28.
Rcd1 Rc8 29. Qf5 Ne8 30. d7 Bxd7 31. Bxe4 g6 32. Qf4 Qe7 33. Qxh6 Nf6 34. Bxf6
Qxf6 35. Rxd7 Rc2 36. Rd2 Rxe4 37. Rxe4 1-0

[Event "European Individual Chess Championship "]
[Site "Reykjavik, Iceland"]
[Date "2021.08.29"]
[Round "4.81"]
[White "Moller, Agnar T"]
[Black "Omarsson, Josef"]
[Result "1-0"]
[WhiteElo "1932"]
[BlackElo "1211"]
[PlyCount "69"]
[EventDate "2021.08.26"]

1. Nf3 Nf6 2. c4 g6 3. Nc3 Bg7 4. e4 d6 5. d4 O-O 6. Be2 c5 7. Be3 cxd4 8. Nxd4
Nc6 9. O-O a6 10. Qd2 Re8 11. f3 Qc7 12. Rac1 Ne5 13. b3 a5 14. Ndb5 Qd8 15.
Nd5 Nxd5 16. cxd5 Rb8 17. Nc7 Rf8 18. Ba7 Nd7 19. Bxb8 Nxb8 20. Qxa5 e6 21. Qb4
Qh4 22. Qxd6 Bh6 23. g3 Qf6 24. e5 Qf5 25. f4 Qe4 26. Bf3 Qe3+ 27. Kh1 exd5 28.
Rce1 Qd2 29. Nxd5 Kh8 30. Rd1 Qxa2 31. Qxb8 Bh3 32. Qxb7 g5 33. Rg1 Qf2 34. Nf6
gxf4 35. Qe4 1-0

[Event "European Individual Chess Championship "]
[Site "Reykjavik, Iceland"]
[Date "2021.08.29"]
[Round "4.82"]
[White "Patt, Zafrir"]
[Black "Saemundarson, Saethor Ingi"]
[Result "1-0"]
[WhiteElo "1677"]
[BlackElo "1216"]
[PlyCount "63"]
[EventDate "2021.08.26"]

1. e4 e5 2. Nf3 Nc6 3. Bc4 Bc5 4. c3 Nf6 5. d3 h6 6. O-O O-O 7. a4 a6 8. b4 Ba7
9. Re1 d6 10. Nbd2 Re8 11. Nf1 Bg4 12. h3 Bh5 13. Ng3 Bxf3 14. Qxf3 Ne7 15.
Bxh6 d5 16. exd5 Nexd5 17. Bd2 Qd7 18. a5 b5 19. axb6 Bxb6 20. Rxa6 Rad8 21.
Raa1 c6 22. Ne4 Nxe4 23. Rxe4 f5 24. Ree1 e4 25. dxe4 fxe4 26. Rxe4 Rxe4 27.
Qxe4 Kf8 28. Qf3+ Nf6 29. Bg5 Bc7 30. Bxf6 gxf6 31. Qxf6+ Ke8 32. Re1+ 1-0

[Event "European Individual Chess Championship "]
[Site "Reykjavik, Iceland"]
[Date "2021.08.29"]
[Round "4.83"]
[White "Thorisson, Benedikt"]
[Black "Briem, Gudrun Fanney"]
[Result "1-0"]
[WhiteElo "1624"]
[BlackElo "1240"]
[PlyCount "73"]
[EventDate "2021.08.26"]

1. e4 d5 2. exd5 Qxd5 3. d4 Nf6 4. Nc3 Qd6 5. Nf3 c6 6. h3 Bf5 7. Bd3 Bxd3 8.
Qxd3 e6 9. Bg5 Nbd7 10. O-O-O Qc7 11. Rhe1 h6 12. Bh4 Be7 13. Kb1 O-O-O 14. Bg3
Bd6 15. Bxd6 Qxd6 16. Qc4 Nb6 17. Qe2 Nfd5 18. Nxd5 Nxd5 19. g3 Qb4 20. Rd3 Nb6
21. Red1 Rhe8 22. Ne5 Qe7 23. Ra3 Kb8 24. Qd2 Rd5 25. Qf4 Ka8 26. c4 Rdd8 27.
Rdd3 f6 28. Ng6 Qf7 29. Rxa7+ Kxa7 30. Ra3+ Na4 31. Rxa4+ Kb6 32. Ne5 Qe7 33.
c5+ Kb5 34. Qc1 Kxa4 35. b3+ Kb4 36. Qc4+ Ka5 37. Qa4# 1-0

[Event "European Individual Chess Championship "]
[Site "Reykjavik, Iceland"]
[Date "2021.08.29"]
[Round "4.84"]
[White "Helgadottir, Idunn"]
[Black "Ragnarsson, Heimir Pall"]
[Result "0-1"]
[WhiteElo "1243"]
[BlackElo "1619"]
[PlyCount "46"]
[EventDate "2021.08.26"]

1. d4 Nf6 2. c4 g6 3. Nc3 Bg7 4. e4 d6 5. Be3 O-O 6. Be2 e5 7. d5 Ne8 8. h3 f5
9. exf5 gxf5 10. g4 Kh8 11. gxf5 Bxf5 12. Bg4 Bg6 13. Qd2 Nd7 14. Bh6 Nc5 15.
f3 Qh4+ 16. Kd1 Bxh6 17. Qe2 Nf6 18. Qg2 Nd3 19. Qe2 Nf2+ 20. Ke1 Nxh1+ 21. Kd1
Nf2+ 22. Ke1 N2xg4+ 23. Kf1 Ne3+ 0-1

[Event "European Individual Chess Championship "]
[Site "Reykjavik, Iceland"]
[Date "2021.08.29"]
[Round "4.85"]
[White "Omarsson, Adam"]
[Black "Hreinsson, Johann Helgi"]
[Result "0-1"]
[WhiteElo "1546"]
[BlackElo "1195"]
[PlyCount "133"]
[EventDate "2021.08.26"]

1. d4 Nf6 2. c4 e6 3. Nc3 Bb4 4. f3 d5 5. a3 Bxc3+ 6. bxc3 Nbd7 7. cxd5 exd5 8.
e3 O-O 9. Bd3 c5 10. Ne2 b6 11. O-O Bb7 12. Ng3 Qc7 13. Re1 Rfe8 14. Bd2 Rac8
15. Rc1 h6 16. e4 dxe4 17. fxe4 Nf8 18. e5 Qc6 19. Ne4 Nxe4 20. Bxe4 Qd7 21.
Bxb7 Qxb7 22. Qg4 Qc6 23. Qf3 Red8 24. Qxc6 Rxc6 25. Be3 Ne6 26. Rcd1 cxd4 27.
cxd4 Rd5 28. Kf1 Rc4 29. Bf2 Kf8 30. Re2 Ke8 31. Red2 Ra4 32. Rd3 Kd7 33. h4 h5
34. Rf3 Ke7 35. Rc3 Kd7 36. Rf3 Ke7 37. Be1 a5 38. Bf2 b5 39. Rc3 b4 40. axb4
Rxb4 41. Ra3 Kd7 42. Rda1 Nxd4 43. Rxa5 Rxa5 44. Rxa5 Rb1+ 45. Be1 Nc2 46. e6+
Kxe6 47. Ra6+ Kf5 48. Ra5+ Kg4 49. Rg5+ Kf4 50. Ke2 Nxe1 51. Rxg7 Nxg2 52.
Rxf7+ Kg4 53. Rg7+ Kh3 54. Kf2 Rb2+ 55. Kf3 Nxh4+ 56. Kf4 Rf2+ 57. Ke4 Rf5 58.
Rg1 Ra5 59. Kf4 Ra4+ 60. Ke3 Nf5+ 61. Kf3 Kh4 62. Rg2 Rg4 63. Rd2 Kg5 64. Rd8
Kh4 65. Rh8 Ng3 66. Rh7 Kh3 67. Rxh5+ 0-1

[Event "European Individual Chess Championship "]
[Site "Reykjavik, Iceland"]
[Date "2021.08.29"]
[Round "4.86"]
[White "Johannsson, Markus Orri"]
[Black "Gade, Jens"]
[Result "0-1"]
[WhiteElo "1117"]
[BlackElo "1487"]
[PlyCount "102"]
[EventDate "2021.08.26"]

1. e4 e5 2. Nf3 Nc6 3. Bc4 Nf6 4. d3 Be7 5. O-O O-O 6. Nc3 d6 7. Bg5 Bg4 8. h3
Bh5 9. g4 Bg6 10. Qd2 Na5 11. Bb3 Nxb3 12. axb3 h6 13. Bh4 Nh7 14. Bxe7 Qxe7
15. Nd5 Qd7 16. Qe3 c6 17. Nc3 b6 18. Ra2 Nf6 19. Rfa1 Qb7 20. Nd2 Rfd8 21. Nc4
d5 22. exd5 cxd5 23. Nxe5 d4 24. Qg3 dxc3 25. bxc3 Bh7 26. Nf3 Nd5 27. Re1 Nxc3
28. Raa1 Re8 29. Kf1 Nd5 30. Ne5 f6 31. Nc4 Rxe1+ 32. Rxe1 Qd7 33. Qf3 Rd8 34.
Nb2 Nb4 35. Qe2 Qc6 36. Qe7 Rc8 37. c4 Nxd3 38. Nxd3 Bxd3+ 39. Kg1 Bg6 40. Qxa7
Be4 41. Qa2 Bg2 42. Re3 Be4 43. Qe2 Re8 44. Qd2 Bg6 45. Rc3 Qe4 46. Rc1 Qf3 47.
Rc3 Qe2 48. Qd5+ Kh7 49. Qd4 Qe1+ 50. Kg2 Be4+ 51. f3 Bg6 0-1

[Event "European Individual Chess Championship "]
[Site "Reykjavik, Iceland"]
[Date "2021.08.29"]
[Round "4.87"]
[White "Heidarsson, Mikael Bjarki"]
[Black "Hallmundarson, Birkir"]
[Result "1-0"]
[WhiteElo "1473"]
[BlackElo "1095"]
[PlyCount "67"]
[EventDate "2021.08.26"]

1. d4 Nf6 2. c4 e6 3. Nf3 c5 4. Nc3 cxd4 5. Nxd4 Bc5 6. e4 O-O 7. Bg5 h6 8. Bh4
e5 9. Nf3 d6 10. Nd5 Qa5+ 11. Qd2 Qxd2+ 12. Nxd2 Nxd5 13. cxd5 f5 14. f3 g5 15.
Bg3 f4 16. Bf2 Bxf2+ 17. Kxf2 Rd8 18. g3 Kf7 19. Rc1 Nd7 20. gxf4 gxf4 21. Rc7
a6 22. Nc4 Rg8 23. Bh3 Kf6 24. Bxd7 Bxd7 25. Rxd7 Rac8 26. Rxd6+ Ke7 27. Re6+
Kd8 28. Na3 b5 29. Rc6 Rxc6 30. dxc6 Rg6 31. Rc1 Kc7 32. Nb1 Rg5 33. Nd2 Rg6
34. Rc5 1-0

[Event "European Individual Chess Championship "]
[Site "Reykjavik, Iceland"]
[Date "2021.08.30"]
[Round "5.2"]
[White "Navara, David"]
[Black "Erdos, Viktor"]
[Result "1/2-1/2"]
[WhiteElo "2675"]
[BlackElo "2614"]
[PlyCount "84"]
[EventDate "2021.08.26"]

1. e4 {[%emt 0:00:02]} e5 {[%emt 0:04:05]} 2. Nf3 {[%emt 0:00:09]} Nc6 {
[%emt 0:00:07]} 3. Bb5 {[%emt 0:00:05]} a6 {[%emt 0:00:06]} 4. Ba4 {[%emt 0:00:
04]} Nf6 {[%emt 0:00:06]} 5. O-O {[%emt 0:00:05]} Be7 {[%emt 0:00:33]} 6. Re1 {
[%emt 0:00:08]} b5 {[%emt 0:00:05]} 7. Bb3 {[%emt 0:00:04]} d6 {[%emt 0:00:05]}
8. c3 {[%emt 0:00:05]} O-O {[%emt 0:00:05]} 9. h3 {[%emt 0:00:05]} Re8 {
[%emt 0:00:08]} 10. d4 {[%emt 0:00:05]} Bb7 {[%emt 0:00:07]} 11. Nbd2 {[%emt 0:
00:12]} Bf8 {[%emt 0:00:29]} 12. a3 {[%emt 0:00:08]} h6 {[%emt 0:00:10]} 13. d5
{[%emt 0:06:52]} Na5 {[%emt 0:00:46]} 14. Ba2 {[%emt 0:00:08]} c6 {[%emt 0:00:
14]} 15. b4 {[%emt 0:00:06]} cxd5 {[%emt 0:02:23]} 16. bxa5 {[%emt 0:00:09]}
dxe4 {[%emt 0:00:05]} 17. Nh2 {[%emt 0:00:10]} d5 {[%emt 0:00:06]} 18. Ng4 {
[%emt 0:00:39]} Nd7 {[%emt 0:01:38]} 19. Nf1 {[%emt 0:10:31]} Nc5 {[%emt 0:06:
27]} 20. Ng3 {[%emt 0:16:56]} Nd3 {[%emt 0:26:04]} 21. Re3 {[%emt 0:02:35]} Nf4
{[%emt 0:07:24]} 22. Nf5 {[%emt 0:15:54]} h5 {[%emt 0:09:28]} 23. Rg3 {[%emt 0:
07:49]} hxg4 {[%emt 0:01:38]} 24. Qxg4 {[%emt 0:00:13]} Qf6 {[%emt 0:31:20]}
25. Bxf4 {[%emt 0:00:40]} exf4 {[%emt 0:00:03]} 26. Qxf4 {[%emt 0:00:12]} Re6 {
[%emt 0:05:20]} 27. Rd1 {[%emt 0:01:25]} g6 {[%emt 0:01:20]} 28. Qc7 {[%emt 0:
18:31]} Qxf5 {[%emt 0:00:10]} 29. Qxb7 {[%emt 0:00:09]} Rd8 {[%emt 0:00:02]}
30. Rxd5 {[%emt 0:00:17]} Rxd5 {[%emt 0:00:05]} 31. Qxd5 {[%emt 0:00:34]} Qxd5
{[%emt 0:00:16]} 32. Bxd5 {[%emt 0:00:06]} Rd6 {[%emt 0:00:03]} 33. Rg5 {
[%emt 0:10:51]} Be7 {[%emt 0:04:32]} 34. Re5 {[%emt 0:00:09]} Kf8 {[%emt 0:01:
28]} 35. Bb3 {[%emt 0:03:00]} Rd3 {[%emt 0:00:35]} 36. Rxe4 {[%emt 0:00:08]}
Rxc3 {[%emt 0:00:04]} 37. Re3 {[%emt 0:00:36]} Rxe3 {[%emt 0:00:42]} 38. fxe3 {
[%emt 0:00:05]} Bxa3 {[%emt 0:00:04]} 39. Bd5 {[%emt 0:00:05]} Bb4 {[%emt 0:00:
19]} 40. Bb7 {[%emt 0:00:05]} Bxa5 {[%emt 0:00:05]} 41. Bxa6 {[%emt 0:00:05]}
Bb6 {[%emt 0:00:37]} 42. Bxb5 {[%emt 0:00:06]} Bxe3+ {[%emt 0:00:02]} 1/2-1/2

[Event "European Individual Chess Championship "]
[Site "Reykjavik, Iceland"]
[Date "2021.08.30"]
[Round "5.3"]
[White "Saric, Ivan"]
[Black "Gabuzyan, Hovhannes"]
[Result "0-1"]
[WhiteElo "2653"]
[BlackElo "2587"]
[PlyCount "130"]
[EventDate "2021.08.26"]

1. e4 {[%emt 0:00:02]} c5 {[%emt 0:00:06]} 2. Nf3 {[%emt 0:00:03]} Nc6 {
[%emt 0:00:07]} 3. d4 {[%emt 0:01:30]} cxd4 {[%emt 0:00:46]} 4. Nxd4 {[%emt 0:
00:03]} g6 {[%emt 0:00:06]} 5. c4 {[%emt 0:00:10]} Bg7 {[%emt 0:00:12]} 6. Be3
{[%emt 0:00:11]} d6 {[%emt 0:00:06]} 7. Nc3 {[%emt 0:00:21]} Nf6 {[%emt 0:00:
05]} 8. Be2 {[%emt 0:02:27]} O-O {[%emt 0:00:10]} 9. O-O {[%emt 0:00:37]} Nxd4
{[%emt 0:00:06]} 10. Bxd4 {[%emt 0:00:33]} Bd7 {[%emt 0:00:05]} 11. Qc2 {
[%emt 0:03:52]} Bc6 {[%emt 0:03:54]} 12. Rad1 {[%emt 0:00:57]} Nd7 {[%emt 0:01:
14]} 13. Bxg7 {[%emt 0:01:10]} Kxg7 {[%emt 0:00:02]} 14. b4 {[%emt 0:02:53]} b6
{[%emt 0:00:16]} 15. f4 {[%emt 0:05:50]} a5 {[%emt 0:03:37]} 16. a3 {[%emt 0:
09:48]} Kg8 {[%emt 0:00:59]} 17. Bg4 {[%emt 0:01:30]} axb4 {[%emt 0:06:05]} 18.
axb4 {[%emt 0:00:05]} Nf6 {[%emt 0:02:16]} 19. Bh3 {[%emt 0:05:21]} Qc7 {
[%emt 0:02:02]} 20. Rde1 {[%emt 0:05:31]} b5 {[%emt 0:05:17]} 21. e5 {[%emt 0:
05:22]} Nh5 {[%emt 0:00:56]} 22. cxb5 {[%emt 0:07:11]} Bb7 {[%emt 0:07:00]} 23.
Qc1 {[%emt 0:05:13]} dxe5 {[%emt 0:05:57]} 24. Rxe5 {[%emt 0:03:35]} e6 {
[%emt 0:04:20]} 25. Qe3 {[%emt 0:18:07]} Nf6 {[%emt 0:05:58]} 26. Rc5 {[%emt 0:
04:19]} Qb6 {[%emt 0:01:51]} 27. Qd4 {[%emt 0:00:16]} Qd8 {[%emt 0:01:04]} 28.
Rd1 {[%emt 0:01:21]} Qxd4+ {[%emt 0:01:44]} 29. Rxd4 {[%emt 0:00:04]} Ra1+ {
[%emt 0:00:03]} 30. Kf2 {[%emt 0:00:27]} Rb8 {[%emt 0:03:53]} 31. Ke2 {[%emt 0:
08:51]} h5 {[%emt 0:01:12]} 32. Rd1 {[%emt 0:00:40]} Ra3 {[%emt 0:00:27]} 33.
g3 {[%emt 0:03:54]} Nd5 {[%emt 0:03:12]} 34. Nxd5 {[%emt 0:00:05]} Bxd5 {
[%emt 0:00:03]} 35. Rdc1 {[%emt 0:02:02]} Rb3 {[%emt 0:01:08]} 36. Bf1 {
[%emt 0:00:23]} Kg7 {[%emt 0:02:39]} 37. Kd2 {[%emt 0:00:45]} h4 {[%emt 0:03:
50]} 38. Rc8 {[%emt 0:00:25]} Rb6 {[%emt 0:01:26]} 39. Bd3 {[%emt 0:01:49]} Rd6
{[%emt 0:01:33]} 40. Kc2 {[%emt 0:01:15]} Ra3 {[%emt 0:04:04]} 41. gxh4 {
[%emt 0:15:07]} Ra2+ {[%emt 0:01:27]} 42. Kc3 {[%emt 0:00:31]} Ra3+ {[%emt 0:
01:01]} 43. Kc2 {[%emt 0:00:08]} Ra2+ {[%emt 0:00:24]} 44. Kc3 {[%emt 0:00:05]}
Rxh2 {[%emt 0:08:24]} 45. Bc4 {[%emt 0:01:16]} Bb7 {[%emt 0:02:43]} 46. Rc7 {
[%emt 0:00:03]} Rh3+ {[%emt 0:00:05]} 47. Kb2 {[%emt 0:00:04]} Be4 {[%emt 0:00:
03]} 48. Bb3 {[%emt 0:00:32]} Rd2+ {[%emt 0:03:16]} 49. Bc2 {[%emt 0:00:20]}
Bd5 {[%emt 0:00:48]} 50. Rg1 {[%emt 0:12:00]} Kf6 {[%emt 0:02:50]} 51. Ra1 {
[%emt 0:00:04]} Rd4 {[%emt 0:02:46]} 52. Raa7 {[%emt 0:01:35]} Rxb4+ {[%emt 0:
00:12]} 53. Kc1 e5 {[%emt 0:00:07]} 54. Ra6+ {[%emt 0:01:10]} Be6 {[%emt 0:00:
46]} 55. fxe5+ {[%emt 0:00:13]} Kxe5 {[%emt 0:00:04]} 56. Bxg6 {[%emt 0:03:37]}
Rh1+ {[%emt 0:03:41]} 57. Kc2 {[%emt 0:00:05]} Rf4 {[%emt 0:08:57]} 58. Re7 {
[%emt 0:02:49]} Rh2+ {[%emt 0:01:57]} 59. Kc3 {[%emt 0:00:08]} Rh3+ {[%emt 0:
01:03]} 60. Bd3 {[%emt 0:00:21]} Rc4+ {[%emt 0:03:13]} 61. Kd2 {[%emt 0:00:06]}
Rh2+ {[%emt 0:00:15]} 62. Ke3 {[%emt 0:01:12]} Rg4 {[%emt 0:00:51]} 63. Kf3 {
[%emt 0:00:56]} Rh3+ {[%emt 0:00:10]} 64. Ke2 {[%emt 0:00:06]} Rg2+ {[%emt 0:
00:10]} 65. Kf1 {[%emt 0:00:04]} Rb2 {[%emt 0:00:23]} 0-1

[Event "European Individual Chess Championship "]
[Site "Reykjavik, Iceland"]
[Date "2021.08.30"]
[Round "5.4"]
[White "Piorun, Kacper"]
[Black "Sarana, Alexey"]
[Result "1/2-1/2"]
[WhiteElo "2608"]
[BlackElo "2643"]
[PlyCount "97"]
[EventDate "2021.08.26"]

1. Nf3 {[%emt 0:00:04]} d5 {[%emt 0:00:27]} 2. g3 {[%emt 0:00:11]} Nf6 {
[%emt 0:00:13]} 3. Bg2 {[%emt 0:00:11]} g6 {[%emt 0:00:05]} 4. O-O {[%emt 0:01:
28]} Bg7 {[%emt 0:00:04]} 5. c4 {[%emt 0:00:26]} c6 {[%emt 0:00:05]} 6. b3 {
[%emt 0:00:08]} O-O {[%emt 0:00:07]} 7. Bb2 {[%emt 0:00:03]} b6 {[%emt 0:04:05]
} 8. d4 {[%emt 0:04:17]} Bb7 {[%emt 0:01:47]} 9. Nc3 {[%emt 0:08:35]} Nbd7 {
[%emt 0:00:44]} 10. Qc2 {[%emt 0:04:01]} e6 {[%emt 0:10:41]} 11. Rfd1 {[%emt 0:
07:51]} Qc7 {[%emt 0:08:09]} 12. Rac1 {[%emt 0:03:19]} Rac8 {[%emt 0:07:35]}
13. Qb1 {[%emt 0:07:44]} Qb8 {[%emt 0:00:27]} 14. e4 {[%emt 0:12:57]} dxe4 {
[%emt 0:02:18]} 15. Nxe4 {[%emt 0:00:05]} Nxe4 {[%emt 0:00:20]} 16. Qxe4 {
[%emt 0:00:06]} c5 {[%emt 0:00:31]} 17. Qe2 {[%emt 0:01:22]} Bxf3 {[%emt 0:10:
00]} 18. Bxf3 {[%emt 0:00:11]} Rfd8 {[%emt 0:00:22]} 19. dxc5 {[%emt 0:15:13]}
bxc5 {[%emt 0:01:16]} 20. Bxg7 {[%emt 0:07:41]} Kxg7 {[%emt 0:01:03]} 21. Rc2 {
[%emt 0:02:34]} Nf6 {[%emt 0:10:48]} 22. Rcd2 {[%emt 0:00:58]} Rxd2 {[%emt 0:
00:03]} 23. Qxd2 {[%emt 0:01:54]} Qe5 {[%emt 0:00:13]} 24. h4 {[%emt 0:03:41]}
h5 {[%emt 0:09:10]} 25. Kg2 {[%emt 0:00:44]} Qf5 {[%emt 0:01:50]} 26. Re1 {
[%emt 0:06:52]} e5 {[%emt 0:02:45]} 27. Qe3 {[%emt 0:00:54]} Nd7 {[%emt 0:02:
03]} 28. Rd1 {[%emt 0:00:28]} Nf6 {[%emt 0:00:22]} 29. Re1 {[%emt 0:05:26]} Nd7
{[%emt 0:00:01]} 30. Bd5 {[%emt 0:01:13]} Qf6 {[%emt 0:02:19]} 31. Qc3 {
[%emt 0:00:26]} Re8 {[%emt 0:00:58]} 32. Re3 {[%emt 0:01:43]} Qa6 {[%emt 0:04:
37]} 33. Re2 {[%emt 0:01:01]} f5 {[%emt 0:01:05]} 34. Rd2 {[%emt 0:00:44]} Nf6
{[%emt 0:01:28]} 35. b4 {[%emt 0:00:13]} cxb4 {[%emt 0:02:08]} 36. Qxb4 {
[%emt 0:00:05]} Qb6 {[%emt 0:00:03]} 37. Qa3 {[%emt 0:00:23]} Qc7 {[%emt 0:01:
13]} 38. Rb2 {[%emt 0:00:37]} Nxd5 {[%emt 0:00:16]} 39. cxd5 {[%emt 0:00:05]}
Rd8 {[%emt 0:00:27]} 40. Rb5 {[%emt 0:01:05]} Rd7 {[%emt 0:02:32]} 41. Rc5 {
[%emt 0:15:23]} Qd6 {[%emt 0:00:54]} 42. Qc3 {[%emt 0:00:44]} Kh7 {[%emt 0:00:
03]} 43. Ra5 {[%emt 0:02:33]} Qb6 {[%emt 0:04:32]} 44. Qc6 {[%emt 0:04:12]} Rc7
{[%emt 0:00:06]} 45. Qxb6 {[%emt 0:05:42]} axb6 {[%emt 0:00:02]} 46. d6 {
[%emt 0:02:26]} Rd7 {[%emt 0:00:07]} 47. Rxe5 {[%emt 0:00:09]} Rxd6 {[%emt 0:
00:07]} 48. Re7+ {[%emt 0:00:04]} Kh6 {[%emt 0:00:08]} 49. Rb7 {[%emt 0:00:46]}
1/2-1/2